书目信息 |
| 题名: |
在法律的边缘上:56个刑事疑难案例评议
|
|
| 作者: | 欧阳春 著 | |
| 分册: | ||
| 出版信息: | 沈阳 辽海出版社 2000.08 |
|
| 页数: | 374页 | |
| 开本: | 32开 | |
| 丛书名: | ||
| 单 册: | ||
| 中图分类: | D925.25 | |
| 科图分类: | ||
| 主题词: | 法律--中国 | |
| 电子资源: | ||
| ISBN: | 7-80649-256-9 | |
| 000 | 00600nam0 2200193 45 | |
| 001 | 0105310960 | |
| 005 | 20010531092053.3 | |
| 010 | @a7-80649-256-9@d16.00元 | |
| 100 | @a20010531d2000 km y0chiy0120 ea | |
| 101 | 0 | @achi |
| 105 | @a z 000yy | |
| 200 | 1 | @a在法律的边缘上:56个刑事疑难案例评议@AZai Fa Lu De Bian Yuan Shang:56 Ge Xing Shi Yi Nan An Li Ping Yi@f欧阳春著@FOu Yang Chun Zhu |
| 210 | @a沈阳@c辽海出版社@d2000.08 | |
| 215 | @a374页@d32开 | |
| 606 | 0 | @a法律@x中国 |
| 690 | @aD925.25@v3 | |
| 701 | 0 | @a欧阳春@4著 |
| 801 | @aCN@bPftUser@c20010531 | |
| 905 | @f5@b344841-845@dD925.25@eO127 | |
| 在法律的边缘上:56个刑事疑难案例评议/欧阳春著.-沈阳:辽海出版社,2000.08 |
| 374页;32开 |
| ISBN 7-80649-256-9:16.00元 |
| ● |
| 相关链接 |
|
|
|
正题名:在法律的边缘上:56个刑事疑难案例评议
索取号:D925.25/O127
 
预约/预借
| 序号 | 登录号 | 条形码 | 馆藏地/架位号 | 状态 | 备注 |
| 1 | 344841 | 203448411 | 社科库509/422社科库 38排1列2层/ [索取号:D925.25/O127] | 在馆 | |
| 2 | 344842 | 203448420 | 社科库509/509社科库 102排1列4层/ [索取号:D925.25/O127] | 在馆 | |
| 3 | 344843 | 203448439 | 社科库509/509社科库 102排1列4层/ [索取号:D925.25/O127] | 在馆 | |
| 4 | 344844 | 203448448 | 社科库509/509社科库 102排1列4层/ [索取号:D925.25/O127] | 在馆 | |
| 5 | 344845 | 203448457 | 社科库509/509社科库 102排1列4层/ [索取号:D925.25/O127] | 在馆 |